| 000 | 00616nam a2200241 a 4500 | ||
|---|---|---|---|
| 001 | nice12345678 | ||
| 003 | IN_TiNIC | ||
| 005 | 20260116011812.0 | ||
| 008 | 050524s1925 lona grp 000 0 eng | ||
| 020 |
_a _c100 |
||
| 082 | 0 | 0 |
_a297 _bSTA |
| 100 | _aStanton, H U Weitbrecht | ||
| 245 | _aOutline of the Religion of Islam | ||
| 260 |
_aLondon _bMissionary Equipment and Literature Supp _c1925 |
||
| 300 | _a51p | ||
| 500 | _aincludes index and biblioraphy | ||
| 505 | 2 | _aindex | |
| 650 | _aIslam-Meccan Trade | ||
| 700 | 1 | _aStanton, H U Weitbrecht | |
| 902 | _bSRS | ||
| 942 | _cBK | ||
| 999 |
_c4083 _d4083 |
||